Normal view
MARC view
- Velisario, Rubén
Entry Nombre Personal
001 - NUMERO DE CONTROL
- campo de control: 59686
003 - IDENTIFICADOR DE NUMERO DE CONTROL
- campo de control: UPN
005 - FECHA Y HORA DE LA ÜLTIMA TRANSACCIÓN
- campo de control: 20260525124717.0
008 - DATOS DE LONGITUD FIJA
- campo de control de longitud fija: 260525|| acn||aabn | a|a d
024 7# - OTROS IDENTIFICADORES NORMALIZADOS
- Fuente: orcid
- Número normalizado o código: https://orcid.org/0000-0003-1587-7668
040 ## - FUENTE DE CATALOGACIÓN
- Agencia original de catalogación: MX-MxUPN
100 1# - ENCABEZAMIENTO - NOMBRE PERSONAL
- Nombre personal: Velisario, Rubén
370 ## - LUGAR ASOCIADO
- Associated country: Venezuela
371 ## - DIRECCIÓN
- Electronic mail address: rubenvelisario@ucla.edu.ve
372 ## - CAMPO DE ACTIVIDAD
- Field of activity: Ciencias de la educación. Filosofía
- Field of activity: Humanidades y Ciencias Sociales
373 ## - GRUPO ASOCIADO
- Associated group: Universidad Pedagógica Experimental Luis Beltrán Prieto Figueroa (UPEL)
374 ## - OCUPACIÓN
- Occupation: Docencia e investigación universitarias
670 ## - FUENTE EN LA QUE SE LOCALIZARON DATOS
- Cita de la fuente: En recurso en línea: REDINE, Vol. 18, no. 1 (2026)
- Información localizada: (Rubén Velisario)
- Uniform Resource Identifier: https://revistas.uclave.org/index.php/redine/article/view/5597/3652
902 ## - CATALOGADOR
- Catalogador: Leonor Sotres/250526
